Science Quiz

Random Science or Christmas Quiz
Score 0/15 Timer 06:00
0 Plays Today
Hint Answer % Correct
TinSilent Night
82.7%
Oxygen Hydrogen NitrogenO Holy Night
72%
Oxygen Calcium Yttrium FluorineO Come All Ye Faithful
40.6%
Hydrogen Thorium ArsenicHark the Herald Angels Sing
38.2%
Dysprosium Hydrogen Tungsten Iodine HydrogenDo You Hear What I Hear?
24.8%
Oxygen Carbon Oxygen CeriumO Come, O Come Emmanuel
18.9%
Thallium DubniumThe Little Drummer Boy
18.5%
Thorium Astatine IodineThe Holly and the Ivy
16.1%
Hint Answer % Correct
Iodine Copper Thulium CarbonIt Came Upon the Midnight Clear
14.6%
Carbon CarbonCandlelight Carol
12.6%
CalciumChristians Awake
7.9%
Tungsten YttriumWolcom Yole
5.9%
Sulfur Astatine Tungsten SulfurSee Amid the Winter Snow
5.9%
Aluminium YttriumAdam Lay Ybounden
5.1%
Technetium TechnetiumThe Cherry Tree Carol
5.1%
Remove Ads.
Support Sporcle.
Get the best of Sporcle when you Go Orange. This ad-free experience offers more features, more stats, and more fun while also helping to support Sporcle. Thank you for becoming a member.

You're not logged in!

Compare scores with friends on all Sporcle quizzes.
OR
Log In

Show Comments

Extras

Top Quizzes Today


Score Distribution

Your Account Isn't Verified!

In order to create a playlist on Sporcle, you need to verify the email address you used during registration. Go to your Sporcle Settings to finish the process.

Report this User

Report this user for behavior that violates our Community Guidelines.

Details: